| 000 | 00413pab a2200157 454500 | ||
|---|---|---|---|
| 008 | 180718b2000/2008 xxu||||| |||| 00| 0 eng d | ||
| 100 | _aRati Ram | ||
| 245 | _aSensitivity of individual income tax in the united states, 1979-2004 | ||
| 260 | _c2000/2008 | ||
| 300 | _ap.1-21. | ||
| 650 | _aIncome tax - United States | ||
| 650 | _aIncome tax | ||
| 773 | _aPublic Finance | ||
| 908 | _aN | ||
| 909 | _a80398 | ||
| 999 |
_c80398 _d80398 |
||